LEADER 01049nam a2200253 u 4500 001 000000051200 003 CaOOAMICUS 005 20070226115317.0 008 000912s1997 it a u000 u ita u 035 $a10855182 040 $aPUL$bita$dPUL(R) 100 1 $aZamboni, Chiara.$0(OLS)http://pul/name/36766 245 13$aLa filosofia donna :$bpercorsi di pensiero femminile /$cChiara Zamboni. 260 $aCodignola ai Colli (VR) :$bDemetra,$cc1997. 300 $a157 p. :$bill. ;$c21 cm 490 1 $aAtlanti del pensiero 650 4$aDonna$xPsicologia.$0(OLS)http://pul/subject/21507 830 0$aAtlanti del pensiero (Demetra).$0(OLS)http://pul/title/68830 850 $aPUL 852 $aPUL$W1$xSL Filosofia 1$y2$m96 H 196$j67842$nBK-PRI$b $qStampati$B67842$CPULBib$Z2$F67842 $H $81 941 1 $a8 961 $aINV: 82632 996 $6245$aLa filosofia donna :$bpercorsi di pensiero femminile$9(OLS)http://pul/title/68829 996 $6260$aCodignola ai Colli (VR) :$bDemetra$9(OLS)http://pul/publisher/67956 LEADER 00920nam a2200241 u 4500 001 000000058817 003 CaOOAMICUS 005 20070226120732.0 008 010614s1972 it u000 u ita u 035 $a10892575 040 $aPUL(R)$bita 100 1 $aLonergan, Bernard Joseph Francis,$cS.I.,$d1904-1984.$0(OLS)http://pul/name/479 245 10$aMethod in theology /$cBernard J.F. Lonergan. 260 $aLondon :$bDarton,$c1972. 300 $a405 p. ;$c22 cm 500 $aInclude indici. 504 $aNote bibliografiche. 650 4$aTeologia$xMetodologia.$0(OLS)http://pul/subject/15735 850 $aPUL 852 $aPUL$W1$xDP1 Altre Collocazioni$y17$mSenza collocazione$j12$nBK-PRI$b $qStampati$B76791$CPULBib$Z2$F76791 $H $81 941 1 $a8 996 $6245$aMethod in theology$9(OLS)http://pul/title/78808 996 $6260$aLondon :$bDarton$9(OLS)http://pul/publisher/69685